000 00349 a2200157 4500
001 15295
020 _a9788561208011
040 _cAnchieta - Aquarius
100 _aGabriel
240 1 0 _aUm garoto chamado Roberto
_lpor
245 1 0 _aUm garoto chamado Roberto
300 _a56
362 0 _a2011
650 4 _aLiteratura brasileira
942 _cBK
999 _c15295
_d15295